[Event "4th London Classic Open"]
[Site "London ENG"]
[Date "2012.12.08"]
[Round "8"]
[White "Spivack, Simon S Y"]
[Black "Jeitz, Olivier"]
[Result "1-0"]
[WhiteElo "2192"]
[BlackElo "1987"]
[WhiteFideId "404780"]
[BlackFideId "4000560"]
[EventDate "2012.12.01"]

1. e4 d5 2. exd5 Qxd5 3. Nf3 Bf5 4. Nc3 Qa5 5. Bc4 e6 6. O-O Nf6 7. Re1 Bb4 8.
Re5 Qb6 9. Na4 Qd6 10. c3 Bg4 11. d4 Nbd7 12. Rg5 h6 13. Rxg4 Nxg4 14. cxb4 Qxb4
15. Bb3 O-O 16. Bf4 c6 17. a3 Qb5 18. h3 Ngf6 19. Ne5 Rfd8 20. Nc3 Qb6 21. Nc4
Qa6 22. Bc7 Rdc8 23. Bg3 Rd8 24. Qf3 c5 25. dxc5 Nxc5 26. Ba2 Rac8 27. Ne5 Qb6
28. Qe2 a5 29. Re1 Rd4 30. Nc4 Qa6 31. Be5 Rdd8 32. Bxf6 gxf6 33. Qg4+ Kh7 34.
Ne4 Nxe4 35. Qxe4+ f5 36. Qf4 Rg8 37. Rd1 Qc6 38. Ne3 Rg7 39. g3 Qb5 40. Bb1 Rc5
41. b4 axb4 42. axb4 Rc8 43. Nxf5 Rg6 44. Ne7 1-0

[Event "4th London Classic Open"]
[Site "London ENG"]
[Date "2012.12.08"]
[Round "8"]
[White "Stachanczyk, Jacek"]
[Black "Lenier, Jude A"]
[Result "0-1"]
[WhiteElo "2265"]
[BlackElo "2069"]
[WhiteFideId "1116657"]
[BlackFideId "470678"]
[EventDate "2012.12.01"]

1. e4 e5 2. Nf3 Nc6 3. Bb5 a6 4. Ba4 Nf6 5. O-O Be7 6. Re1 b5 7. Bb3 O-O 8. h3
d6 9. c3 Na5 10. Bc2 c5 11. d4 Nc6 12. d5 Nb8 13. a4 Bb7 14. Nbd2 Re8 15. b3
Nbd7 16. Nf1 Bf8 17. g4 g6 18. Ng3 Nb6 19. a5 Nc8 20. Kh2 Bg7 21. Be3 Rf8 22.
Rg1 Ne7 23. c4 b4 24. Qd2 Bc8 25. Nf5 Nxf5 26. gxf5 Nh5 27. Rg4 Bxf5 28. exf5 e4
29. Bg5 Qd7 30. Re1 Bc3 31. Qd1 Bxe1 32. Nxe1 Qxf5 33. Bxe4 Qe5+ 34. Kg1 f5 35.
Bf3 fxg4 36. Bxg4 Nf4 37. Bxf4 Qxf4 38. Be6+ Kg7 39. Qe2 Rf6 40. Ng2 Qd4 41. Kf1
Raf8 42. f4 Rxf4+ 43. Nxf4 Qxf4+ 0-1

[Event "4th London Classic Open"]
[Site "London ENG"]
[Date "2012.12.08"]
[Round "8"]
[White "Farrand, Tom"]
[Black "Millward, Richard"]
[Result "1-0"]
[WhiteElo "2200"]
[BlackElo "2048"]
[WhiteFideId "406457"]
[BlackFideId "405698"]
[EventDate "2012.12.01"]

1. e4 e5 2. Nf3 Nc6 3. d4 exd4 4. Bc4 d6 5. Nxd4 Nxd4 6. Qxd4 Nf6 7. Nc3 Be7 8.
h3 O-O 9. Be3 a6 10. a4 b6 11. O-O Be6 12. Rad1 c5 13. Qd3 Bxc4 14. Qxc4 Qc7 15.
Bg5 Qc6 16. Rfe1 Bd8 17. Qd3 h6 18. Bxf6 Bxf6 19. Qxd6 Qxd6 20. Rxd6 Bxc3 21.
bxc3 b5 22. a5 Rfd8 23. Red1 Rxd6 24. Rxd6 Ra7 25. e5 Kf8 26. f4 Ke7 27. Kf2 f6
28. Ke3 fxe5 29. fxe5 c4 30. Ke4 Ra8 31. Kd5 Rf8 32. Rxa6 Rf2 33. Ra7+ Kd8 34.
Rxg7 Rxc2 35. a6 1-0

[Event "4th London Classic Open"]
[Site "London ENG"]
[Date "2012.12.08"]
[Round "8"]
[White "Yurenok, Maria S"]
[Black "Ilfeld, Etan"]
[Result "1/2-1/2"]
[WhiteTitle "WF"]
[WhiteElo "2041"]
[BlackElo "2191"]
[WhiteFideId "409359"]
[BlackFideId "2803470"]
[EventDate "2012.12.01"]

1. d4 d5 2. Nf3 c6 3. c4 e6 4. Nbd2 b5 5. cxb5 cxb5 6. e4 a6 7. e5 Nc6 8. Bd3 f5
9. exf6 Nxf6 10. O-O g6 11. Nb3 Bg7 12. Bg5 O-O 13. Ne5 Qb6 14. Nxc6 Qxc6 15.
Qe2 Nh5 16. g3 Re8 17. Rac1 Qd6 18. Qc2 e5 19. Rfe1 Bh3 20. Qc7 Qxc7 21. Rxc7
exd4 22. Ree7 Rxe7 23. Rxe7 Rc8 24. f3 Bf5 25. Bxf5 gxf5 26. Rd7 Rc2 27. Rxd5
Rxb2 28. Nxd4 Bxd4+ 29. Rxd4 Rxa2 30. Rd8+ Kf7 31. Rd7+ Kg6 32. Rd6+ Kf7 33.
Rd7+ Kg6 34. Rd6+ Kf7 1/2-1/2

[Event "4th London Classic Open"]
[Site "London ENG"]
[Date "2012.12.08"]
[Round "8"]
[White "Jaunooby, Ali R"]
[Black "Ditmas, Hugh"]
[Result "1-0"]
[WhiteElo "2178"]
[BlackElo "2011"]
[WhiteFideId "413291"]
[BlackFideId "1270666"]
[EventDate "2012.12.01"]

1. d4 Nf6 2. c4 e6 3. Nc3 Bb4 4. Bg5 h6 5. Bh4 c5 6. d5 Bxc3+ 7. bxc3 d6 8. f3
e5 9. e3 g5 10. Bf2 e4 11. h4 g4 12. h5 gxf3 13. Bh4 f2+ 14. Kxf2 Ng4+ 15. Ke1
Qa5 16. Qc2 Bf5 17. Kd2 Nd7 18. Rb1 b6 19. Ne2 O-O 20. Be7 Rfe8 21. Bxd6 Nde5
22. Ng3 Bh7 23. Rh4 f5 24. Be2 Rad8 25. Bxe5 Nxe5 26. Rf4 Rf8 27. Rbf1 b5 28.
Nxf5 Bxf5 29. Rxf5 Rfe8 30. Qb3 bxc4 31. Bxc4 Rd6 32. Rxe5 Rxe5 33. Qb7 Qd8 34.
Qxa7 Qg5 35. Qf7+ Kh8 36. Qf8+ Qg8 37. Qxd6 Qxg2+ 38. Be2 1-0

[Event "4th London Classic Open"]
[Site "London ENG"]
[Date "2012.12.08"]
[Round "8"]
[White "Baasansuren, Erdene"]
[Black "Williamson, Roger G"]
[Result "1/2-1/2"]
[WhiteElo "1795"]
[BlackElo "2177"]
[WhiteFideId "4902084"]
[BlackFideId "414620"]
[EventDate "2012.12.01"]

1. d4 d5 2. c4 c6 3. Nc3 Nf6 4. e3 a6 5. Bd3 e6 6. Nf3 c5 7. cxd5 exd5 8. O-O
Nc6 9. dxc5 Bxc5 10. Be2 O-O 11. Nd4 Re8 12. Bf3 Ne5 13. h3 Nxf3+ 14. Qxf3 Re5
15. Rd1 Bd6 16. Bd2 Ne4 17. Rac1 Ng5 18. Qe2 Nxh3+ 19. gxh3 Bxh3 20. f4 Rg5+ 21.
fxg5 Qxg5+ 22. Kh1 Qh6 1/2-1/2

[Event "4th London Classic Open"]
[Site "London ENG"]
[Date "2012.12.08"]
[Round "8"]
[White "Moloney, Nicholas R"]
[Black "Pauw, Martijn"]
[Result "1-0"]
[WhiteElo "2168"]
[BlackElo "2011"]
[WhiteFideId "405558"]
[BlackFideId "1008447"]
[EventDate "2012.12.01"]

1. f4 d5 2. Nf3 c5 3. g3 Nc6 4. Bg2 g6 5. O-O Bg7 6. d3 Nf6 7. Nc3 O-O 8. h3 b6
9. e4 e6 10. Qe1 dxe4 11. dxe4 Bb7 12. g4 Nd4 13. Nxd4 cxd4 14. Nd1 Re8 15. Bd2
Qd7 16. Nf2 Rac8 17. Rc1 Ba6 18. Nd3 Bxd3 19. cxd3 Qb5 20. g5 Nd7 21. Rxc8 Rxc8
22. Qb1 Nc5 23. Rc1 Re8 24. e5 a5 25. Rc4 Rd8 26. Qc2 Bf8 27. b3 h6 28. h4 h5
29. Kh2 Kg7 30. Bc1 Qd7 31. Bb2 Qb5 32. Kg3 Qa6 33. Rxd4 Rxd4 34. Bxd4 Nxd3 35.
Bf1 Nb4 36. Bxa6 Nxc2 37. Bxb6 Bb4 38. Bd3 Na3 39. Kf3 1-0

[Event "4th London Classic Open"]
[Site "London ENG"]
[Date "2012.12.08"]
[Round "8"]
[White "Lee, Kai Jie Edward"]
[Black "Szalontay, Mihaly"]
[Result "1-0"]
[WhiteElo "2165"]
[BlackElo "2011"]
[WhiteFideId "5802920"]
[BlackFideId "746967"]
[EventDate "2012.12.01"]

1. e4 d6 2. d4 Nf6 3. Nc3 g6 4. Be3 c6 5. Qd2 b5 6. f3 Nbd7 7. g4 Nb6 8. h4 h5
9. g5 Nfd7 10. d5 b4 11. dxc6 bxc3 12. cxd7+ Bxd7 13. Qxc3 Rg8 14. Qd2 Qc7 15.
Rc1 Nc4 16. Bxc4 Qxc4 17. b3 Qa6 18. c4 Bg7 19. Ne2 Qb7 20. Kf2 f5 21. gxf6 Bxf6
22. Nf4 Be5 23. Rcg1 Bxf4 24. Bxf4 O-O-O 25. Rg3 Rdf8 26. Ke2 Bg4 27. Qe3 Bd7
28. Rhg1 Rf6 29. Bg5 Re6 30. Qd4 Bc6 31. Be3 Kb8 32. Rg5 Qa6 33. Qd2 Rf8 34. Ra5
Qc8 35. Rxa7 Rxf3 36. Qb4+ 1-0

[Event "4th London Classic Open"]
[Site "London ENG"]
[Date "2012.12.08"]
[Round "8"]
[White "Varnam, Liam D"]
[Black "Walinga, Eric Jan"]
[Result "1-0"]
[WhiteElo "2140"]
[BlackElo "2004"]
[WhiteFideId "410950"]
[BlackFideId "1011898"]
[EventDate "2012.12.01"]

1. c4 g6 2. g3 Bg7 3. Bg2 d6 4. Nc3 Nc6 5. d3 e5 6. e4 Be6 7. Nge2 h5 8. h4 Nh6
9. Nd5 f6 10. f3 Ne7 11. d4 c6 12. Nxe7 Qxe7 13. d5 cxd5 14. cxd5 Bd7 15. Qb3
O-O 16. Nc3 Nf7 17. Qxb7 a5 18. Bh3 f5 19. exf5 Rfb8 20. f6 Rxb7 21. fxe7 Bxh3
22. Rxh3 Rxe7 23. Ne4 Rb8 24. Rh2 Rb5 25. Nc3 Rb4 26. Re2 e4 27. Nxe4 Ne5 28.
Kf2 Nd3+ 29. Kg2 Nxb2 30. a3 Rb3 31. Rb1 Reb7 32. Nxd6 R7b6 33. Nc8 Rb8 34. Ne7+
Kf7 35. Nc6 R8b5 36. Re7+ Kf8 37. Rxg7 Kxg7 38. Nd4 1-0

[Event "4th London Classic Open"]
[Site "London ENG"]
[Date "2012.12.08"]
[Round "8"]
[White "Gschwendtner, Stanislav"]
[Black "Quinn, John M"]
[Result "0-1"]
[WhiteElo "2004"]
[BlackElo "2127"]
[WhiteFideId "307297"]
[BlackFideId "405043"]
[EventDate "2012.12.01"]

1. d4 Nf6 2. c4 g6 3. Nf3 Bg7 4. Nc3 d6 5. e4 O-O 6. h3 e5 7. Be2 Nc6 8. Be3
exd4 9. Nxd4 Re8 10. Nxc6 bxc6 11. Qc2 Qe7 12. Bd3 Nd7 13. O-O Ne5 14. Be2 Be6
15. b3 f5 16. Rad1 fxe4 17. Nxe4 Bf5 18. g4 Nxg4 19. Bxg4 Bxg4 20. hxg4 Qxe4 21.
Qxe4 Rxe4 22. g5 Rf8 23. Kg2 Be5 24. Rd3 Bf4 25. Bxf4 Rfxf4 26. Kg3 Rg4+ 27. Kf3
Kf7 28. Rh1 Kg7 29. Rh3 Ref4+ 30. Ke3 Rf5 31. b4 Rxc4 32. Ra3 Rxb4 33. Rxa7 Rf7
34. Rf3 Re7+ 35. Kd3 c5 36. Ra8 h6 37. Rff8 hxg5 38. a4 c4+ 39. Kc3 c5 40. a5 d5
41. a6 d4+ 42. Kd2 Ra4 43. Rg8+ Kf6 44. Raf8+ Rf7 45. Rc8 Rxa6 46. Rxc5 Ra2+ 47.
Ke1 Re7+ 48. Kf1 d3 49. Rc6+ Kf7 50. Rd8 d2 51. Kg2 Rc2 52. Rcd6 c3 53. Rc8 Rc1
54. Rcc6 d1=Q 0-1

[Event "4th London Classic Open"]
[Site "London ENG"]
[Date "2012.12.08"]
[Round "8"]
[White "White, Alastair F"]
[Black "Fields, Francis E"]
[Result "1-0"]
[WhiteElo "2112"]
[BlackElo "1933"]
[WhiteFideId "2402041"]
[BlackFideId "409367"]
[EventDate "2012.12.01"]

1. e4 c5 2. Nf3 Nc6 3. b4 cxb4 4. d4 d5 5. exd5 Qxd5 6. c4 bxc3 7. Nxc3 Qh5 8.
Be2 Bg4 9. O-O Nf6 10. h3 Bxf3 11. Bxf3 Qa5 12. Bf4 e6 13. d5 Nxd5 14. Nxd5 exd5
15. Re1+ Be7 16. Bxd5 O-O-O 17. Qg4+ Rd7 18. Bxc6 bxc6 19. Rxe7 f5 20. Qxg7 Rhd8
21. Rxd7 Rxd7 22. Qg8+ 1-0

[Event "4th London Classic Open"]
[Site "London ENG"]
[Date "2012.12.08"]
[Round "8"]
[White "Othman, Mustapha"]
[Black "Wheldon, Philip"]
[Result "0-1"]
[WhiteElo "1865"]
[BlackElo "2103"]
[WhiteFideId "8500797"]
[BlackFideId "407402"]
[EventDate "2012.12.01"]

1. e4 c5 2. Nf3 d6 3. d4 cxd4 4. Nxd4 Nf6 5. Nc3 Nc6 6. Bc4 Qb6 7. Nb3 e6 8. O-O
a6 9. Be3 Qc7 10. f4 b5 11. Bd3 Bb7 12. a3 Be7 13. Kh1 Rc8 14. Qf3 Na5 15. Nxa5
Qxa5 16. Qg3 O-O 17. e5 Nh5 18. Qg4 g6 19. f5 exf5 20. Rxf5 Ng7 21. Rf6 b4 22.
Ne4 Qxe5 23. Rff1 f5 24. Qe2 fxe4 25. Bxa6 Bxa6 26. Qxa6 Rxc2 27. axb4 Rxb2 28.
Qa7 Rxb4 29. Rxf8+ Bxf8 30. Rf1 Nf5 31. g4 Rb2 32. Bg1 Qd5 33. Be3 Nxe3 34. Qxe3
Bh6 35. g5 Bxg5 36. Qg3 e3+ 37. Kg1 Bh4 38. Qf3 Qxf3 39. Rxf3 e2 40. Re3 e1=Q+
41. Rxe1 Bxe1 42. Kf1 Bh4 43. h3 d5 44. Kg1 d4 45. Kf1 d3 46. Kg1 Re2 47. Kf1
Kg7 0-1

[Event "4th London Classic Open"]
[Site "London ENG"]
[Date "2012.12.08"]
[Round "8"]
[White "Steevensz, Carel"]
[Black "Wood, Peter R"]
[Result "1/2-1/2"]
[WhiteElo "2096"]
[BlackElo "1931"]
[WhiteFideId "1009036"]
[BlackFideId "422215"]
[EventDate "2012.12.01"]

1. e4 e6 2. d3 d5 3. Nd2 c5 4. Ngf3 Nc6 5. g3 Bd6 6. Bg2 Qc7 7. O-O Nge7 8. c3
O-O 9. Re1 Ng6 10. d4 cxd4 11. Nxd4 Nxd4 12. cxd4 dxe4 13. Nxe4 Bb4 14. Re2 Rd8
15. Bg5 Be7 16. Rc2 Qa5 17. Be3 e5 18. d5 Bf5 19. Qh5 Bxe4 20. Bxe4 Qa4 21. Qf5
Qd7 22. Qf3 Bd6 23. h4 Ne7 24. g4 Ng6 25. h5 Nf4 26. a4 Qe7 27. Bxf4 exf4 28.
Rac1 Qe5 29. Qd3 h6 30. Re1 Qf6 31. Bf5 Re8 32. Re4 Rxe4 33. Qxe4 Qe5 34. Qxe5
Bxe5 35. Bc8 Rb8 36. Re2 f6 37. Be6+ Kf8 38. Kg2 Ke7 39. Kf3 Rd8 40. Rc2 Kf8 41.
Ke4 Re8 42. b4 Re7 43. b5 Rc7 44. Rd2 Bd6 45. Kf5 Re7 46. Kg6 Rc7 47. b6 axb6
48. Rb2 Bc5 49. d6 Bxd6 50. Rd2 Be7 51. Rd4 Rc6 52. Bf5 Rd6 53. Rxf4 Rd8 54. Rc4
Bc5 55. f3 Rd4 56. Rxd4 Bxd4 1/2-1/2

[Event "4th London Classic Open"]
[Site "London ENG"]
[Date "2012.12.08"]
[Round "8"]
[White "Duncan, Patrick C M"]
[Black "Mehringer, Joerg"]
[Result "1/2-1/2"]
[WhiteElo "2071"]
[BlackElo "1874"]
[WhiteFideId "405787"]
[BlackFideId "12915351"]
[EventDate "2012.12.01"]

1. b3 e5 2. Bb2 Nc6 3. e3 Nf6 4. Nf3 e4 5. Nd4 d5 6. Nxc6 bxc6 7. c4 Ba6 8. Be2
Bd6 9. O-O O-O 10. Nc3 Bb7 11. Qc2 a6 12. Rac1 Nd7 13. f4 exf3 14. Rxf3 Qg5 15.
Qf5 Qxf5 16. Rxf5 g6 17. Rff1 f5 18. g3 Rae8 19. cxd5 cxd5 20. Bf3 Nf6 21. Na4
Ne4 22. Bxe4 fxe4 23. Bd4 Rxf1+ 24. Rxf1 Rf8 25. Nc5 Rxf1+ 26. Kxf1 Bc8 27. Kg2
Kf7 1/2-1/2

[Event "4th London Classic Open"]
[Site "London ENG"]
[Date "2012.12.08"]
[Round "8"]
[White "Boger, Raymond"]
[Black "Cannon, Richard J"]
[Result "1/2-1/2"]
[WhiteElo "1946"]
[BlackElo "2071"]
[WhiteFideId "1507419"]
[BlackFideId "408670"]
[EventDate "2012.12.01"]

1. g3 e5 2. Bg2 d5 3. d3 Nf6 4. e4 dxe4 5. dxe4 Qxd1+ 6. Kxd1 Ng4 7. Nh3 Bc5 8.
f3 Ne3+ 9. Bxe3 Bxe3 10. Ke2 Bc5 11. Rd1 Nc6 12. c3 b6 13. Nf2 Ba6+ 14. Ke1 Be3
15. Bf1 Bxf1 16. Kxf1 Rd8 17. Na3 Bxf2 18. Kxf2 a6 19. Nc4 O-O 20. Rd5 f5 21.
Ke3 f4+ 22. Ke2 b5 23. Rc5 bxc4 24. Rxc6 Rd6 25. Rxd6 cxd6 26. b4 Rf6 27. Kf2
fxg3+ 28. hxg3 g5 29. g4 h5 30. gxh5 g4 31. Rg1 Rxf3+ 32. Ke2 Rxc3 33. Rxg4+ Kh7
34. Rg6 Rd3 35. a4 Rd4 36. b5 axb5 37. axb5 c3 38. Rg3 Rxe4+ 39. Kd3 Rb4 40.
Kxc3 Rxb5 41. Rg6 Rd5 42. Kc4 Rd1 43. Re6 d5+ 44. Kc5 e4 45. Kd6 Rd2 46. h6 Rd3
47. Ke5 d4 48. Kf4 e3 49. Kg5 Ra3 50. Re7+ Kg8 51. Re8+ Kh7 52. Re7+ Kg8 53.
Re8+ Kh7 54. Re7+ 1/2-1/2

[Event "4th London Classic Open"]
[Site "London ENG"]
[Date "2012.12.08"]
[Round "8"]
[White "Burke, John S"]
[Black "Hortillosa, Andres D"]
[Result "0-1"]
[WhiteElo "2068"]
[BlackElo "1963"]
[WhiteFideId "404322"]
[BlackFideId "2038749"]
[EventDate "2012.12.01"]

1. e4 c5 2. Nc3 g6 3. f4 Bg7 4. Nf3 e6 5. Be2 Ne7 6. O-O Nbc6 7. Qe1 Nd4 8. Bd1
b5 9. Nxd4 cxd4 10. Nxb5 Qb6 11. Na3 d3+ 12. Kh1 dxc2 13. Bxc2 Ba6 14. d3 Rc8
15. Qe2 O-O 16. Rb1 d5 17. exd5 Nxd5 18. Nc4 Qc7 19. Qf2 Bxc4 20. dxc4 Qxc4 21.
Bb3 Qd3 22. Bd2 Bd4 23. Qe1 Nf6 24. Bb4 Bc5 25. Rd1 Qf5 26. Rc1 Bxb4 27. Qxb4
Ng4 28. Rce1 Rfd8 29. Qb7 Qc5 30. Qf3 h5 31. h3 Nh6 32. g4 hxg4 33. hxg4 Rd2 34.
Re2 Rcd8 35. Rfe1 Kg7 36. Kg2 R8d3 37. Rxd2 Rxf3 38. Kxf3 Qc6+ 39. Kg3 Qc7 40.
Kf3 Qc6+ 41. Kg3 a5 42. Rd4 Nxg4 43. Rc4 Qb7 44. Bc2 Nf6 45. b3 Nh5+ 46. Kf2
Qb6+ 47. Kf3 Qd8 48. Rd1 Qh4 49. Rdd4 Qh2 50. a4 Ng3 51. Bd3 Qg1 52. Rd7 Nh5 53.
Rdd4 Nf6 54. b4 axb4 55. Rxb4 Nd5 56. Rbc4 f5 57. a5 Qe3+ 58. Kg2 Qd2+ 59. Kf3
Qxa5 60. Bf1 Qe1 61. Be2 Qh1+ 62. Kf2 Qh2+ 63. Ke1 Qg1+ 64. Kd2 Qe3+ 65. Kd1
Nc3+ 66. Kc2 Nxe2 67. Rd7+ Kf6 68. Rcc7 Qxf4 69. Rf7+ Kg5 70. Rg7 Nd4+ 71. Kb2
Qd2+ 72. Kb1 e5 73. Rgd7 Qb4+ 74. Kc1 e4 75. Rb7 Qc3+ 76. Kb1 Qc2+ 77. Ka1 Nb3+ 0-1

[Event "4th London Classic Open"]
[Site "London ENG"]
[Date "2012.12.08"]
[Round "8"]
[White "Bass, John W"]
[Black "Bermingham, Tony"]
[Result "1-0"]
[WhiteElo "2065"]
[BlackElo "1959"]
[WhiteFideId "407925"]
[BlackFideId "2504103"]
[EventDate "2012.12.01"]

1. d4 Nf6 2. c4 c5 3. d5 b5 4. cxb5 a6 5. f3 e6 6. e4 exd5 7. exd5 Bb7 8. Nc3 d6
9. Nh3 Be7 10. Bc4 O-O 11. O-O Nbd7 12. bxa6 Bxa6 13. Bxa6 Rxa6 14. Re1 Re8 15.
b3 Qa5 16. Bb2 c4 17. Nf2 Nb6 18. Nfe4 Raa8 19. Qd4 Qa6 20. Re2 cxb3 21. axb3
Qb7 22. Rae1 Kf8 23. Ng3 Nbxd5 24. Nf5 Qxb3 25. Nxg7 Nxc3 26. Bxc3 Ra4 27. Qd2
Rc8 28. Qh6 Qxc3 29. Nf5+ Ke8 30. Rxe7+ Kd8 31. Qf8+ 1-0

[Event "4th London Classic Open"]
[Site "London ENG"]
[Date "2012.12.08"]
[Round "8"]
[White "Hoegener, Claude"]
[Black "Matthew, Ian G"]
[Result "1-0"]
[WhiteElo "2037"]
[BlackElo "1948"]
[WhiteFideId "4000978"]
[BlackFideId "423165"]
[EventDate "2012.12.01"]

1. d4 d5 2. Nf3 Nc6 3. c3 Nf6 4. Bg5 Ne4 5. Bh4 f6 6. Nbd2 Nd6 7. e3 e6 8. Qc2
Be7 9. Bd3 f5 10. Bg3 Ne4 11. O-O-O Bd6 12. Rdf1 Qe7 13. Bb5 a6 14. Bxc6+ bxc6
15. Nxe4 fxe4 16. Ne5 Bxe5 17. Bxe5 O-O 18. f3 Qg5 19. f4 Qe7 20. h4 c5 21. Rh3
c4 22. Rg3 Rf7 23. Rh1 c5 24. Rg5 Ra7 25. Rh3 Qf8 26. Rhg3 cxd4 27. Bxd4 h6 28.
Rg6 1-0

[Event "4th London Classic Open"]
[Site "London ENG"]
[Date "2012.12.08"]
[Round "8"]
[White "McKerracher, Douglas"]
[Black "Tortolero, Cesar"]
[Result "0-1"]
[WhiteElo "2034"]
[BlackElo "1926"]
[WhiteFideId "2401002"]
[BlackFideId "3907368"]
[EventDate "2012.12.01"]

1. e4 c5 2. Nc3 a6 3. g3 e6 4. Bg2 Nc6 5. d3 b5 6. f4 Bb7 7. Nf3 d6 8. O-O Qb6
9. f5 Nf6 10. fxe6 fxe6 11. Bh3 Nd4 12. Nxd4 cxd4 13. Ne2 e5 14. Bg5 Be7 15. Qd2
O-O 16. Bxf6 Bxf6 17. Be6+ Kh8 18. Rf2 Rae8 19. Bf5 d5 20. exd5 Bxd5 21. Be4
Bxe4 22. dxe4 d3 23. Nc3 Bg5 24. Qxg5 Qxf2+ 25. Kh1 Qxc2 0-1

[Event "4th London Classic Open"]
[Site "London ENG"]
[Date "2012.12.08"]
[Round "8"]
[White "Iyengar, Ilya"]
[Black "Hajenius, Willem"]
[Result "1-0"]
[WhiteElo "2019"]
[BlackElo "1922"]
[WhiteFideId "405949"]
[BlackFideId "201138"]
[EventDate "2012.12.01"]

1. d4 f5 2. g3 Nf6 3. Bg2 g6 4. c4 Bg7 5. Nh3 c6 6. O-O O-O 7. Nc3 d6 8. d5 Bd7
9. Qb3 Na6 10. Qxb7 Nc5 11. Qb4 a5 12. Qa3 Qc7 13. Nf4 e5 14. dxe6 Bxe6 15. Nxe6
Nxe6 16. Rd1 Rfd8 17. Bd2 Ng4 18. Rac1 Qb6 19. Be1 Rab8 20. Rxd6 Bf8 21. Rxd8
Rxd8 22. Qb3 Qc5 23. Na4 Qe5 24. c5 Qxe2 25. Bf3 1-0

[Event "4th London Classic Open"]
[Site "London ENG"]
[Date "2012.12.08"]
[Round "8"]
[White "Phillips, Owen S"]
[Black "Andreev, Peter"]
[Result "0-1"]
[WhiteElo "1926"]
[BlackElo "2017"]
[WhiteFideId "417882"]
[BlackFideId "406350"]
[EventDate "2012.12.01"]

1. e4 c5 2. Nf3 Nc6 3. d4 cxd4 4. Nxd4 e6 5. Nxc6 bxc6 6. c4 Nf6 7. Bd3 d5 8.
cxd5 cxd5 9. e5 Nd7 10. Qa4 Qc7 11. O-O Qxe5 12. Nc3 Bd6 13. g3 Qf6 14. Qc6 O-O
15. Qxd6 Ne5 16. Be2 Rd8 17. Qb4 d4 18. Ne4 Qf5 19. f4 Qxe4 20. fxe5 Qxe2 21.
Qe7 Rf8 22. b3 d3 23. Bg5 Qxe5 24. Rae1 Qd5 25. Re5 Qxe5 26. Bf6 gxf6 27. Rf4
Qe3+ 28. Kg2 Qe2+ 29. Rf2 Qe4+ 0-1

[Event "4th London Classic Open"]
[Site "London ENG"]
[Date "2012.12.08"]
[Round "8"]
[White "Carlile, Orison"]
[Black "Jakobsen, Alf Gjoran"]
[Result "1-0"]
[WhiteElo "2016"]
[BlackElo "1901"]
[WhiteFideId "2504120"]
[BlackFideId "1508008"]
[EventDate "2012.12.01"]

1. e4 e5 2. Bc4 Nf6 3. d4 exd4 4. Nf3 d6 5. O-O Bg4 6. Re1 Nbd7 7. Qxd4 Bxf3 8.
gxf3 Ne5 9. Be2 Nc6 10. Qa4 a6 11. c4 Nd7 12. Be3 h5 13. Nc3 g5 14. Rad1 Bg7 15.
c5 Be5 16. cxd6 cxd6 17. Nd5 Kf8 18. Kh1 g4 19. f4 Bg7 20. Qa3 Kg8 21. Qxd6 Qe8
22. e5 Nf8 23. Nc7 Qc8 24. Nxa8 Qxa8 25. Bc4 h4 26. e6 Rh6 27. exf7+ Kh8 28. Qa3
b5 29. Bd5 Rh5 30. Qd6 Rh6 31. Bxc6 Qc8 32. Qd5 Rxc6 33. Bd4 Ne6 34. Qh5# 1-0

[Event "4th London Classic Open"]
[Site "London ENG"]
[Date "2012.12.08"]
[Round "8"]
[White "Wan Nawawi, Wan Mohd Fazli"]
[Black "Veznik, Michael"]
[Result "0-1"]
[WhiteElo "2001"]
[BlackElo "1877"]
[WhiteFideId "5704022"]
[BlackFideId "360287"]
[EventDate "2012.12.01"]

1. e4 g6 2. d4 c6 3. Nf3 Bg7 4. Nc3 d6 5. Be3 Nf6 6. h3 b5 7. a3 O-O 8. Qd2 Nbd7
9. Bh6 Nb6 10. Bd3 Be6 11. b3 Qc8 12. Bxg7 Kxg7 13. Ne2 Bd7 14. Qf4 c5 15. dxc5
dxc5 16. c4 bxc4 17. bxc4 Be6 18. e5 Nh5 19. Qh4 Rd8 20. Be4 Bxc4 21. Bxa8 Qxa8
22. Qg5 Nd5 23. Qc1 Bxe2 24. Kxe2 Ndf4+ 25. Kf1 Rd3 26. Ne1 Qd5 27. Rh2 Qxe5 28.
Nxd3 Nxd3 29. Qd1 Qxh2 30. Ke2 Nhf4+ 31. Kd2 Qxg2 32. Qf1 Qd5 33. Ke3 Qd4+ 34.
Kf3 h5 35. Rd1 h4 36. Kg4 f5+ 37. Kf3 Ne5# 0-1

[Event "4th London Classic Open"]
[Site "London ENG"]
[Date "2012.12.08"]
[Round "8"]
[White "Calvert, D Ian"]
[Black "Kouchak, Jason"]
[Result "0-1"]
[WhiteElo "1999"]
[BlackElo "1703"]
[WhiteFideId "406368"]
[BlackFideId "26011379"]
[EventDate "2012.12.01"]

1. b3 d5 2. Bb2 Bf5 3. e3 Nd7 4. d4 Ngf6 5. Bd3 Bg4 6. f3 Bh5 7. Ne2 e6 8. c4 c6
9. Nbc3 Bg6 10. e4 dxe4 11. fxe4 e5 12. O-O exd4 13. Nxd4 Bc5 14. Na4 O-O 15.
Kh1 Bxd4 16. Bxd4 Re8 17. Nc3 Nxe4 18. Nxe4 Bxe4 19. Qg4 Bg6 20. Rad1 Qe7 21. h4
Ne5 22. Bxe5 Qxe5 23. Bxg6 hxg6 24. Rd7 Re7 25. Rfd1 Rae8 26. Rxe7 Rxe7 27. Qd4
Qxd4 28. Rxd4 f5 29. Rd2 Kh7 30. Kg1 Kh6 31. Kf2 g5 32. Rd6+ g6 33. hxg5+ Kxg5
34. a3 Kh5 35. b4 g5 36. b5 cxb5 37. cxb5 Kg4 38. a4 f4 39. Rd3 Re4 40. Ra3 Kf5
41. Ra2 g4 42. Ra1 Re3 43. Rc1 g3+ 44. Kf1 Ra3 45. Rc7 Rxa4 46. Rxb7 Ke4 47. b6
axb6 48. Rxb6 Ra1+ 49. Ke2 Rg1 50. Rb4+ Kf5 51. Rb8 Rxg2+ 52. Kf1 Rc2 53. Rf8+
Kg4 54. Ra8 f3 55. Rg8+ Kf4 56. Rf8+ Ke4 57. Re8+ Kd5 58. Rd8+ Ke6 59. Re8+ Kf7
60. Re1 Kf6 61. Ra1 Kf5 0-1

[Event "4th London Classic Open"]
[Site "London ENG"]
[Date "2012.12.08"]
[Round "8"]
[White "Saikhanzaya, Ganbaatar"]
[Black "Tart, Peter K"]
[Result "1-0"]
[WhiteElo "1924"]
[BlackElo "1989"]
[WhiteFideId "4900030"]
[BlackFideId "471070"]
[EventDate "2012.12.01"]

1. d4 Nf6 2. c4 c5 3. d5 e6 4. Nc3 exd5 5. cxd5 d6 6. e4 g6 7. Nf3 a6 8. a4 Bg4
9. h3 Bxf3 10. Qxf3 Bg7 11. Bf4 O-O 12. Bd3 Re8 13. O-O Nh5 14. Bh2 Qe7 15. Qd1
Nd7 16. f4 Rac8 17. Qf3 c4 18. Bc2 Bd4+ 19. Kh1 Qh4 20. Rad1 Bg7 21. g4 Nhf6 22.
Kg2 g5 23. Bg3 Qh6 24. Qf2 Nc5 25. fxg5 Qxg5 26. Bh4 Nxg4 27. Qxf7+ 1-0